000 00958nam a22002297a 4500
999 _c65872
_d65872
005 20240530110847.0
008 200912s2019 ua a f b 000 0dara d
017 _bمصر. دار الكتب
040 _aEG-CaGPL
_cEG-CaGPL
082 0 4 _221
_a940.18\
_bإ ي
100 0 _aابراهيم سعيد فهيم محمود
245 1 0 _aيافا ودورها فى الصراع الصليبى الاسلامى :
_b( 1099 - 1291 م - 492 - 690 هـ ) /
_cابراهيم سعيد فهيم محمود
250 _aط.1
260 _aالاسكندرية :
_bدار المعرفة الجامعية،
_c2019
300 _a331 ص. ؛
_c24 سم.
504 _aيشتمل على ارجاعات ببليوجرافية
650 0 7 _aالحروب الصليبية
_2qrmak
651 0 7 _2qrmak
_aيافا
_xتاريخ
651 0 7 _aيافا
_xتاريخ
_yالحروب الصليبية
_2qrmak
942 _2ddc
_cBK